Top XIs: Denmark (1978-2023) - Statistics

General Stats
  • This quiz has been taken 358 times
  • The average score is 162 of 500
Answer Stats
Hint Position Answer % Correct
2011 MF Christian Eriksen
90%
2012 MF Christian Eriksen
90%
2013 MF Christian Eriksen
90%
2014 MF Christian Eriksen
90%
2015 MF Christian Eriksen
90%
2016 MF Christian Eriksen
90%
2017 MF Christian Eriksen
90%
2018 MF Christian Eriksen
90%
2018 LN MF Christian Eriksen
90%
2019 MF Christian Eriksen
90%
2020 MF Christian Eriksen
90%
2022 LN MF Christian Eriksen
90%
2022 WC MF Christian Eriksen
90%
2023 MF Christian Eriksen
90%
1992 ST Brian Laudrup
82%
1992 F ST Brian Laudrup
82%
1993 ST Brian Laudrup
82%
1994 ST Brian Laudrup
82%
1995 ST Brian Laudrup
82%
1996 ST Brian Laudrup
82%
1997 ST Brian Laudrup
82%
1998 ST Brian Laudrup
82%
1984 ST Michael Laudrup
82%
1985 ST Michael Laudrup
82%
1986 ST Michael Laudrup
82%
1988 MF Michael Laudrup
82%
1989 MF Michael Laudrup
82%
1990 MF Michael Laudrup
82%
1993 MF Michael Laudrup
82%
1994 MF Michael Laudrup
82%
1995 MF Michael Laudrup
82%
1996 MF Michael Laudrup
82%
1998 MF Michael Laudrup
82%
2004 MF Christian Poulsen
78%
2005 MF Christian Poulsen
78%
2006 MF Christian Poulsen
78%
2007 MF Christian Poulsen
78%
2008 MF Christian Poulsen
78%
2009 MF Christian Poulsen
78%
2010 MF Christian Poulsen
78%
2009 MF Jakob Poulsen
78%
2010 DF Simon Poulsen
78%
2011 DF Simon Poulsen
78%
2012 DF Simon Poulsen
78%
1978 ST Jørgen Kristensen
76%
2009 DF Simon Kjær
76%
2010 DF Simon Kjær
76%
2011 DF Simon Kjær
76%
2012 DF Simon Kjær
76%
2013 DF Simon Kjær
76%
2014 DF Simon Kjær
76%
2015 DF Simon Kjær
76%
2016 DF Simon Kjær
76%
2017 DF Simon Kjær
76%
2018 DF Simon Kjær
76%
2018 LN DF Simon Kjær
76%
2019 DF Simon Kjær
76%
2020 DF Simon Kjær
76%
2021 EURO DF Simon Kjær
76%
2021 DF Simon Kjær
76%
2007 ST Nicklas Bendtner
61%
2008 ST Nicklas Bendtner
61%
2009 ST Nicklas Bendtner
61%
2010 ST Nicklas Bendtner
61%
2011 ST Nicklas Bendtner
61%
2012 ST Nicklas Bendtner
61%
2014 ST Nicklas Bendtner
61%
2015 ST Nicklas Bendtner
61%
2014 MF Pierre-Émile Højbjerg
57%
2015 MF Pierre-Émile Højbjerg
57%
2016 MF Pierre-Émile Højbjerg
57%
2019 MF Pierre-Émile Højbjerg
57%
2020 MF Pierre-Émile Højbjerg
57%
2021 EURO MF Pierre-Émile Højbjerg
57%
2021 MF Pierre-Émile Højbjerg
57%
2022 LN MF Pierre-Émile Højbjerg
57%
2022 WC MF Pierre-Émile Højbjerg
57%
2023 MF Pierre-Émile Højbjerg
57%
2005 MF Claus Jensen
54%
2021 EURO DF Joakim Mæhle
54%
2021 DF Joakim Mæhle
54%
2022 LN DF Joakim Mæhle
54%
2022 WC DF Joakim Mæhle
54%
2023 DF Joakim Mæhle
54%
2018 ST Martin Braithwaite
54%
2018 LN ST Martin Braithwaite
54%
2019 ST Martin Braithwaite
54%
2020 ST Martin Braithwaite
54%
2021 EURO ST Martin Braithwaite
54%
1999 ST Jon Dahl Tomasson
53%
2000 ST Jon Dahl Tomasson
53%
2001 ST Jon Dahl Tomasson
53%
2002 ST Jon Dahl Tomasson
53%
2003 ST Jon Dahl Tomasson
53%
2004 ST Jon Dahl Tomasson
53%
2005 ST Jon Dahl Tomasson
53%
2006 ST Jon Dahl Tomasson
53%
2007 ST Jon Dahl Tomasson
53%
2008 ST Jon Dahl Tomasson
53%
2009 ST Jon Dahl Tomasson
53%
2010 ST Jon Dahl Tomasson
53%
2016 MF Thomas Delaney
52%
2017 MF Thomas Delaney
52%
2018 MF Thomas Delaney
52%
2018 LN MF Thomas Delaney
52%
2019 MF Thomas Delaney
52%
2020 MF Thomas Delaney
52%
2021 EURO MF Thomas Delaney
52%
2020 ST Kasper Dolberg
51%
2021 EURO ST Kasper Dolberg
51%
2022 WC ST Kasper Dolberg
51%
2023 ST Kasper Dolberg
51%
2021 EURO MF Mikkel Damsgaard
51%
2021 MF Mikkel Damsgaard
51%
2022 LN MF Mikkel Damsgaard
51%
2022 WC MF Mikkel Damsgaard
51%
2023 MF Mikkel Damsgaard
51%
1991 MF Henrik Larsen
50%
1992 MF Henrik Larsen
50%
1992 F MF Henrik Larsen
50%
1996 MF Henrik Larsen
50%
1986 DF Henrik Andersen
48%
1990 DF Henrik Andersen
48%
1992 DF Henrik Andersen
48%
1979 DF John Andersen
48%
2005 DF Daniel Agger
44%
2006 DF Daniel Agger
44%
2007 DF Daniel Agger
44%
2008 DF Daniel Agger
44%
2009 DF Daniel Agger
44%
2010 DF Daniel Agger
44%
2011 DF Daniel Agger
44%
2012 DF Daniel Agger
44%
2015 DF Daniel Agger
44%
1997 MF Martin Jørgensen
43%
1998 MF Martin Jörgensen
43%
1999 MF Martin Jørgensen
43%
2003 MF Martin Jørgensen
43%
2004 MF Martin Jørgensen
43%
2005 MF Martin Jørgensen
43%
2006 MF Martin Jørgensen
43%
2008 MF Martin Jørgensen
43%
2009 MF Martin Jørgensen
43%
2010 MF Martin Jørgensen
43%
2001 MF Thomas Gravesen
39%
2002 MF Thomas Gravesen
39%
2003 MF Thomas Gravesen
39%
2004 MF Thomas Gravesen
39%
2005 MF Thomas Gravesen
39%
2006 MF Thomas Gravesen
39%
1994 DF Thomas Helveg
39%
1996 DF Thomas Helveg
39%
1997 DF Thomas Helveg
39%
1998 MF Thomas Helveg
39%
1999 DF Thomas Helveg
39%
2001 DF Thomas Helveg
39%
2002 DF Thomas Helveg
39%
2003 DF Thomas Helveg
39%
2004 DF Thomas Helveg
39%
2016 DF Andreas Christensen
38%
2018 DF Andreas Christensen
38%
2020 DF Andreas Christensen
38%
2021 EURO DF Andreas Christensen
38%
2021 DF Andreas Christensen
38%
2022 LN DF Andreas Christensen
38%
2022 WC DF Andreas Christensen
38%
2023 DF Andreas Christensen
38%
1979 ST Allan Simonsen
37%
1980 ST Allan Simonsen
37%
1981 ST Allan Simonsen
37%
1983 ST Allan Simonsen
37%
2001 MF Dennis Rommedahl
37%
2002 MF Dennis Rommedahl
37%
2005 MF Dennis Rommedahl
37%
2006 MF Dennis Rommedahl
37%
2007 MF Dennis Rommedahl
37%
2008 MF Dennis Rommedahl
37%
2009 MF Dennis Rommedahl
37%
2010 MF Dennis Rommedahl
37%
2011 MF Dennis Rommedahl
37%
2012 MF Dennis Rommedahl
37%
2013 MF Dennis Rommedahl
37%
2021 MF Andreas Skov Olsen
36%
2022 LN MF Andreas Skov Olsen
36%
2016 DF Jannik Vestergaard
36%
2017 DF Jannik Vestergaard
36%
2021 EURO DF Jannik Vestergaard
36%
2021 DF Jannik Vestergaard
36%
2020 DF Robert Skov
36%
1999 ST Ebbe Sand
35%
2000 ST Ebbe Sand
35%
2001 ST Ebbe Sand
35%
2002 ST Ebbe Sand
35%
2003 ST Ebbe Sand
35%
2004 ST Ebbe Sand
35%
2000 MF Jesper Grønkjær
33%
2001 MF Jesper Grønkjær
33%
2002 MF Jesper Grønkjær
33%
2003 MF Jesper Grønkjær
33%
2004 MF Jesper Grønkjær
33%
2018 MF Lasse Schöne
33%
2018 LN MF Lasse Schöne
33%
2019 MF Lasse Schöne
33%
2020 DF Daniel Wass
32%
2021 EURO DF Daniel Wass
32%
2021 DF Daniel Wass
32%
2013 ST Andreas Cornelius
30%
2017 ST Andreas Cornelius
30%
2022 LN ST Andreas Cornelius
30%
1988 MF Kim Vilfort
29%
1990 MF Kim Vilfort
29%
1991 MF Kim Vilfort
29%
1992 MF Kim Vilfort
29%
1992 F MF Kim Vilfort
29%
1993 MF Kim Vilfort
29%
1994 MF Kim Vilfort
29%
1995 MF Kim Vilfort
29%
1979 ST Preben Elkjær
29%
1980 ST Preben Elkjær
29%
1981 ST Preben Elkjær
29%
1982 ST Preben Elkjær
29%
1983 ST Preben Elkjær
29%
1984 ST Preben Elkjær
29%
1985 ST Preben Elkjær
29%
1986 ST Preben Elkjær
29%
1987 ST Preben Elkjær
29%
2015 ST Yussuf Poulsen
28%
2018 ST Yussuf Poulsen
28%
2018 LN ST Yussuf Poulsen
28%
2019 ST Yussuf Poulsen
28%
2020 ST Yussuf Poulsen
28%
2021 ST Yussuf Poulsen
28%
1978 MF Frank Arnesen
27%
1979 MF Frank Arnesen
27%
1980 MF Frank Arnesen
27%
1981 MF Frank Arnesen
27%
1984 MF Frank Arnesen
27%
1985 MF Frank Arnesen
27%
1995 MF Jacob Laursen
26%
2001 DF Martin Laursen
26%
2002 DF Martin Laursen
26%
2003 DF Martin Laursen
26%
2004 DF Martin Laursen
26%
1978 MF Søren Lerby
26%
1979 MF Søren Lerby
26%
1982 MF Søren Lerby
26%
1984 MF Søren Lerby
26%
1985 MF Søren Lerby
26%
1986 MF Søren Lerby
26%
1987 MF Søren Lerby
26%
1988 MF Søren Lerby
26%
2011 MF Michael Krohn-Dehli
25%
2012 MF Michael Krohn-Dehli
25%
2013 MF Michael Krohn-Dehli
25%
2014 MF Michael Krohn-Dehli
25%
2015 MF Michael Krohn-Dehli
25%
2021 MF Christian Nörgaard
23%
1988 ST Flemming Povlsen
23%
1989 ST Flemming Povlsen
23%
1990 ST Flemming Povlsen
23%
1991 ST Flemming Povlsen
23%
1992 ST Flemming Povlsen
23%
1994 ST Flemming Povlsen
23%
1978 DF Johnny Hansen
23%
2006 DF Lars Jacobsen
23%
2007 DF Lars Jacobsen
23%
2008 DF Lars Jacobsen
23%
2009 DF Lars Jacobsen
23%
2010 DF Lars Jacobsen
23%
2011 DF Lars Jacobsen
23%
2012 DF Lars Jacobsen
23%
2013 DF Lars Jacobsen
23%
2014 DF Lars Jacobsen
23%
2015 DF Lars Jacobsen
23%
1987 MF Jan Mølby
22%
1989 MF Jan Mølby
22%
1991 MF Johnny Mølby
22%
1992 F MF Johnny Mølby
22%
1985 DF John Sivebæk
22%
1987 DF John Sivebæk
22%
1988 DF John Sivebæk
22%
1989 DF John Sivebæk
22%
1990 DF John Sivebæk
22%
1991 DF John Sivebæk
22%
1992 DF John Sivebæk
22%
2017 MF Pione Sisto
21%
2018 MF Pione Sisto
21%
2018 LN MF Pione Sisto
21%
1999 MF Stig Tøfting
21%
2000 MF Stig Tøfting
21%
2001 MF Stig Tøfting
21%
2002 MF Stig Tøfting
21%
1978 DF Morten Olsen
20%
1979 DF Morten Olsen
20%
1980 DF Morten Olsen
20%
1981 DF Morten Olsen
20%
1983 DF Morten Olsen
20%
1984 DF Morten Olsen
20%
1985 DF Morten Olsen
20%
1986 DF Morten Olsen
20%
1987 DF Morten Olsen
20%
1988 DF Morten Olsen
20%
2022 LN DF Victor Nelsson
20%
2022 WC DF Victor Nelsson
20%
2023 DF Victor Nelsson
20%
2018 LN DF Zanka
20%
2019 DF Zanka
20%
1988 DF Jan Heintze
19%
1989 DF Jan Heintze
19%
1997 DF Jan Heintze
19%
1998 DF Jan Heintze
19%
1999 DF Jan Heintze
19%
2000 DF Jan Heintze
19%
2001 DF Jan Heintze
19%
2002 DF Jan Heintze
19%
2013 DF Nicolai Boilesen
19%
2014 DF Nicolai Boilesen
19%
1999 DF René Henriksen
19%
2000 DF René Henriksen
19%
2001 DF René Henriksen
19%
2002 DF René Henriksen
19%
2003 DF René Henriksen
19%
2004 DF René Henriksen
19%
2017 DF Jens Stryger Larsen
18%
2018 DF Jens Stryger Larsen
18%
2018 LN DF Jens Stryger Larsen
18%
2019 DF Jens Stryger Larsen
18%
2022 LN DF Joachim Andersen
18%
2022 WC DF Joachim Andersen
18%
2023 DF Joachim Andersen
18%
1980 DF Ole Rasmussen
18%
1981 MF Ole Rasmussen
18%
1983 DF Ole Rasmussen
18%
1984 DF Ole Rasmussen
18%
2008 DF Thomas Rasmussen
18%
2016 ST Viktor Fischer
18%
2018 DF Henrik Dalsgaard
17%
2018 LN DF Henrik Dalsgaard
17%
2019 DF Henrik Dalsgaard
17%
2022 WC MF Jesper Lindström
17%
2023 MF Jesper Lindström
17%
1988 MF John 'Faxe' Jensen
17%
1989 MF John 'Faxe' Jensen
17%
1990 MF John 'Faxe' Jensen
17%
1991 MF John 'Faxe' Jensen
17%
1992 MF John 'Faxe' Jensen
17%
1993 MF John 'Faxe' Jensen
17%
1994 MF John 'Faxe' Jensen
17%
1998 ST Peter Möller
17%
1995 DF Jes Høgh
16%
1996 DF Jes Høgh
16%
1997 DF Jes Høgh
16%
1998 DF Jes Høgh
16%
1999 DF Jes Høgh
16%
1989 ST Lars Elstrup
16%
1992 F ST Lars Elstrup
16%
1993 ST Lars Elstrup
16%
2011 MF William Kvist
16%
2012 MF William Kvist
16%
2013 MF William Kvist
16%
2014 MF William Kvist
16%
2015 MF William Kvist
16%
2016 MF William Kvist
16%
2017 MF William Kvist
16%
1991 DF Kim Christofte
15%
1992 MF Kim Christofte
15%
1981 DF Ole Madsen
15%
1982 DF Ole Madsen
15%
2006 MF Thomas Kahlenberg
15%
2007 MF Thomas Kahlenberg
15%
2010 MF Thomas Kahlenberg
15%
1982 MF Jesper Olsen
14%
1983 MF Jesper Olsen
14%
1986 MF Jesper Olsen
14%
1989 DF Lars Olsen
14%
1990 DF Lars Olsen
14%
1991 DF Lars Olsen
14%
1992 DF Lars Olsen
14%
1992 F DF Lars Olsen
14%
1993 DF Lars Olsen
14%
1994 DF Lars Olsen
14%
2003 DF Niclas Jensen
14%
2004 DF Niclas Jensen
14%
2005 DF Niclas Jensen
14%
2006 DF Niclas Jensen
14%
2007 DF Niclas Jensen
14%
2022 LN DF Rasmus Kristensen
14%
2022 WC DF Rasmus Kristensen
14%
2023 DF Rasmus Kristensen
14%
1992 DF Torben Piechnik
14%
1992 F DF Torben Piechnik
14%
2007 MF Daniel Jensen
13%
2008 MF Daniel Jensen
13%
1992 F DF Marc Rieper
13%
1993 DF Marc Rieper
13%
1994 DF Marc Rieper
13%
1995 DF Marc Rieper
13%
1996 DF Marc Rieper
13%
1997 DF Marc Rieper
13%
1998 DF Marc Rieper
13%
1996 MF Allan Nielsen
11%
1997 MF Allan Nielsen
11%
1998 MF Allan Nielsen
11%
1999 MF Allan Nielsen
11%
2000 MF Allan Nielsen
11%
1995 DF Michael Schjønberg
11%
1996 DF Michael Schjønberg
11%
2000 DF Michael Schjønberg
11%
1995 ST Mikkel Beck
11%
1996 ST Mikkel Beck
11%
2016 ST Nicolai Jørgensen
11%
2017 ST Nicolai Jørgensen
11%
1998 DF Søren Colding
11%
2000 DF Søren Colding
11%
2013 DF Andreas Bjelland
10%
2014 DF Andreas Bjelland
10%
1992 F MF Bjarne Goldbæk
10%
1999 MF Bjarne Goldbæk
10%
1993 MF Brian Steen Nielsen
10%
1994 MF Brian Steen Nielsen
10%
1995 MF Brian Steen Nielsen
10%
1996 MF Claus Thomsen
10%
1997 MF Claus Thomsen
10%
1982 DF Ivan Nielsen
10%
1983 DF Ivan Nielsen
10%
1984 DF Ivan Nielsen
10%
1985 DF Ivan Nielsen
10%
1986 DF Ivan Nielsen
10%
1987 DF Ivan Nielsen
10%
1988 DF Ivan Nielsen
10%
1997 MF Per Frandsen
10%
2005 DF Per Krøldrup
10%
2008 DF Per Krøldrup
10%
1979 DF Søren Busk
10%
1981 DF Søren Busk
10%
1982 DF Søren Busk
10%
1983 DF Søren Busk
10%
1984 DF Søren Busk
10%
1985 DF Søren Busk
10%
1986 DF Søren Busk
10%
1987 DF Søren Busk
10%
1980 MF Jens Jørn Bertelsen
9%
1981 MF Jens Jørn Bertelsen
9%
1982 MF Jens Jørn Bertelsen
9%
1983 MF Jens Jørn Bertelsen
9%
1984 MF Jens Jørn Bertelsen
9%
1986 MF Jens Jørn Bertelsen
9%
1987 MF Jens Jørn Bertelsen
9%
2009 DF Michael Jakobsen
9%
2003 MF Morten Wieghorst
9%
1989 MF Jan Bartram
8%
1990 MF Jan Bartram
8%
1983 MF Klaus Berggreen
8%
1984 MF Klaus Berggreen
8%
1985 MF Klaus Berggreen
8%
1986 MF Klaus Berggreen
8%
1987 MF Klaus Berggreen
8%
2015 DF Riza Durmisi
8%
2016 DF Riza Durmisi
8%
2017 DF Riza Durmisi
8%
1990 ST Bent Christensen
7%
1991 ST Bent Christensen
7%
1989 DF Kent Nielsen
7%
1990 DF Kent Nielsen
7%
1991 DF Kent Nielsen
7%
2006 DF Michael Gravgaard
7%
2007 DF Michael Gravgaard
7%
2011 MF Niki Zimling
7%
2012 MF Niki Zimling
7%
2013 MF Niki Zimling
7%
1985 MF Per Frimann
7%
1982 MF John Lauridsen
6%
1983 MF John Lauridsen
6%
1978 ST Benny Nielsen
5%
1979 ST Benny Nielsen
5%
2005 DF Brian Priske
5%
2014 ST Lasse Vibe
5%
1997 ST Miklós Molnár
5%
1978 ST Henning Jensen
4%
1980 ST Henning Jensen
4%
1993 DF Jakob Friis-Hansen
4%
1994 DF Jakob Friis-Hansen
4%
1987 ST John Eriksen
4%
1988 ST John Eriksen
4%
1981 ST Lars Bastrup
4%
1982 ST Lars Bastrup
4%
2000 MF Morten Bisgaard
4%
1978 DF Per Røntved
4%
1980 DF Per Røntved
4%
1981 DF Per Røntved
4%
1982 DF Per Røntved
4%
1978 MF Carsten Nielsen
2%
1992 F DF Jakob Kjeldbjerg
2%
1993 DF Jakob Kjeldbjerg
2%
1995 DF Jens Risager
2%
1979 MF Sten Ziegler
2%
1980 MF Sten Ziegler
2%
1978 DF Hen. Munk Jensen
1%
1979 DF Ole Højgaard
1%
1980 DF Jens Steffenson
0%
No matching quizzes found
Score Distribution
Percent of People with Each Score
Percentile by Number Answered
Your Score History
You have not taken this quiz